[Event "Titled Tuesday intern op 13th Feb Early"]
[Site "Chess.com INT"]
[Date "2024.02.13"]
[Round "2"]
[White "Vasli, Aref"]
[Black "Arca, Christian Gian Karl"]
[Result "1/2-1/2"]
[WhiteElo "2394"]
[BlackElo "2283"]
[PlyCount "154"]
[EventDate "2024.02.13"]
[EventType "swiss (blitz)"]
[EventRounds "11"]
[EventCountry "USA"]
[SourceTitle "CB08_2024"]
[SourceDate "2024.02.21"]
[SourceVersion "1"]
[SourceVersionDate "2024.02.21"]
[SourceQuality "1"]

1. e4 c6 2. Nf3 d5 3. e5 Bg4 4. h3 Bxf3 5. Qxf3 e6 6. d4 c5 7. c3 Nc6 8. Be3 Qb6 9. Nd2 cxd4 10. cxd4 Nb4 11. Qd1 Rc8 12. Rc1 Rxc1 13. Qxc1 Ne7 14. a3 Nbc6 15. Qc3 Nf5 16. Nf3 Be7 17. Bd3 Nxe3 18. fxe3 0-0 19. 0-0 g6 20. b4 a5 21. b5 Na7 22. a4 Rc8 23. Qb2 Bb4 24. Rc1 Qd8 25. Kh2 Rxc1 26. Qxc1 Nc8 27. Qc2 Nb6 28. h4 Be7 29. Kh3 Kg7 30. g4 Bb4 31. h5 Qc8 32. Qf2 Be7 33. Bc2 Qc3 34. Qd2 Bb4 35. Qxc3 Bxc3 36. hxg6 hxg6 37. Kg3 Nc4 38. Kf2 Bb2 39. Ke2 Bc1 40. e4 Nb6 41. Ne1 dxe4 42. Bxe4 Nxa4 43. Bxb7 Nc3+ 44. Kd3 Nxb5 45. Kc4 Na3+ 46. Kb3 Nb5 47. Kc4 Nc7 48. Nd3 Be3 49. Nb2 Kh6 50. Kd3 Bg1 51. Bf3 Kg5 52. Bd1 Nb5 53. Nc4 Nxd4 54. Nxa5 Nc6 55. Nxc6 Kf4 56. Nd8 Kxe5 57. Nxf7+ Kf4 58. Nh8 Kg5 59. Nf7+ Kf6 60. Nd6 Ke5 61. Ne4 Kf4 62. Nd2 Be3 63. Nc4 Bc5 64. Be2 e5 65. Bd1 e4+ 66. Kc3 Be7 67. Kd4 Bf6+ 68. Kd5 Bc3 69. Ke6 g5 70. Nd6 e3 71. Nf7 Bd2 72. Kd5 Kg3 73. Nxg5 e2 74. Bxe2 Bxg5 75. Ke4 Kh4 76. Kf5 Bd2 77. g5 Bxg5 1/2-1/2

[Event "Titled Tuesday intern op 13th Feb Early"]
[Site "Chess.com INT"]
[Date "2024.02.13"]
[Round "4"]
[White "Vasli, Aref"]
[Black "Kislinsky, Alexey"]
[Result "1-0"]
[WhiteElo "2394"]
[BlackElo "2361"]
[PlyCount "85"]
[EventDate "2024.02.13"]
[EventType "swiss (blitz)"]
[EventRounds "11"]
[EventCountry "USA"]
[SourceTitle "CB08_2024"]
[SourceDate "2024.02.21"]
[SourceVersion "1"]
[SourceVersionDate "2024.02.21"]
[SourceQuality "1"]

1. e4 c5 2. Nf3 g6 3. c3 Bg7 4. Bd3 Nc6 5. Bc2 d5 6. exd5 Qxd5 7. 0-0 Nf6 8. h3 0-0 9. d3 e5 10. Qe2 b6 11. Nbd2 Ba6 12. Re1 Rfe8 13. Ng5 Re7 14. Nge4 Ne8 15. Nc4 Rd8 16. Ne3 Qd7 17. Rd1 h6 18. Nc4 f5 19. Ng3 Nd6 20. Bb3 Nxc4 21. dxc4 Qc7 22. Rd5 Na5 23. Rxd8+ Qxd8 24. Bd2 Rd7 25. Be1 Nxb3 26. axb3 Bc8 27. Nf1 e4 28. Ne3 a5 29. Nd5 Ba6 30. Qc2 Bb7 31. Nf4 g5 32. Ne6 Qe7 33. Nxg7 Kxg7 34. b4 cxb4 35. cxb4 axb4 36. Qb3 Qe6 37. Bxb4 Qc6 38. Bc3+ Kg6 39. c5 e3 40. Qg8+ Kh5 41. Qe8+ Kh4 42. f3 Rh7 43. Be1# 1-0

[Event "Malmo op"]
[Site "Malmo"]
[Date "2023.12.15"]
[Round "1"]
[White "Vasli, Aref"]
[Black "Magnussen, Pal"]
[Result "1-0"]
[WhiteElo "2402"]
[BlackElo "1827"]
[PlyCount "51"]
[EventDate "2023.12.15"]
[EventType "swiss"]
[EventRounds "8"]
[EventCountry "SWE"]
[SourceTitle "CB51_2023"]
[SourceDate "2023.12.20"]
[SourceVersion "1"]
[SourceVersionDate "2023.12.20"]
[SourceQuality "1"]

1. e4 e5 2. Nf3 Nc6 3. Bb5 f5 4. d3 fxe4 5. dxe4 d6 6. Qd3 Nf6 7. 0-0 Bg4 8. h3 Bxf3 9. Qxf3 Be7 10. Bc4 Nd4 11. Qd3 Qd7 12. c3 Nc6 13. b4 a6 14. Be3 Nh5 15. Nd2 Nf4 16. Qc2 b5 17. Bb3 Ne6 18. a4 0-0 19. Qa2 Rf6 20. axb5 Ncd8 21. bxa6 Kh8 22. a7 c5 23. Bd5 Nc7 24. Bxa8 Nxa8 25. Qd5 Nb7 26. bxc5 1-0

[Event "DEN-chT 2223 60th"]
[Site "Denmark"]
[Date "2023.01.14"]
[Round "5.1"]
[White "Borge, Nikolaj"]
[Black "Vasli, Aref"]
[Result "0-1"]
[WhiteElo "2388"]
[BlackElo "2374"]
[PlyCount "92"]
[EventDate "2022.10.29"]
[EventType "team-tourn"]
[EventRounds "9"]
[EventCountry "DEN"]
[SourceTitle "CBM 213 Extra"]
[Source "ChessBase"]
[SourceDate "2023.05.31"]
[SourceVersion "1"]
[SourceVersionDate "2023.05.31"]
[SourceQuality "1"]
[WhiteTeam "Hillerod"]
[BlackTeam "Bronshoj"]
[WhiteTeamCountry "DEN"]
[BlackTeamCountry "DEN"]

1. e4 e5 2. d4 exd4 3. Qxd4 Nc6 4. Qc4 Nf6 5. Nc3 Bb4 6. Bd2 d6 7. 0-0-0 Be6 8. Qe2 0-0 9. a3 Ba5 10. Nh3 Re8 11. Nf4 Bxc3 12. bxc3 d5 13. exd5 Bg4 14. Qb5 Bxd1 15. Kxd1 Ne4 16. Be1 Qd6 17. Nd3 a6 18. Qc4 Na5 19. Qd4 Qxa3 20. f3 c5 21. dxc6 Qa1+ 22. Nc1 Rad8 23. fxe4 Rxd4+ 24. cxd4 Qxd4+ 25. Bd3 Nxc6 26. Nb3 Qd7 27. Bc3 Ne5 28. Ke2 Qg4+ 29. Kf2 Qf4+ 30. Ke2 Ng4 31. Bd4 Nxh2 32. Nd2 f5 33. g3 Qg4+ 34. Kf2 Qh3 35. Nf1 f4 36. gxf4 Qf3+ 37. Kg1 Nxf1 38. Bxf1 Qg4+ 39. Kh2 Qxf4+ 40. Kg1 Qg4+ 41. Kh2 Qxe4 42. Bc4+ Kh8 43. c3 b5 44. Bf1 Re6 45. Rg1 Qf4+ 46. Rg3 Rg6 0-1

[Event "DEN-chT 2223 60th"]
[Site "Denmark"]
[Date "2022.12.04"]
[Round "4.2"]
[White "Hansen, Mads Smith"]
[Black "Vasli, Aref"]
[Result "1-0"]
[WhiteElo "2375"]
[BlackElo "2374"]
[PlyCount "68"]
[EventDate "2022.10.29"]
[EventType "team-tourn"]
[EventRounds "9"]
[EventCountry "DEN"]
[SourceTitle "CBM 213 Extra"]
[Source "ChessBase"]
[SourceDate "2023.05.31"]
[SourceVersion "1"]
[SourceVersionDate "2023.05.31"]
[SourceQuality "1"]
[WhiteTeam "Obro"]
[BlackTeam "Bronshoj"]
[WhiteTeamCountry "DEN"]
[BlackTeamCountry "DEN"]

1. Nf3 Nf6 2. c4 g6 3. Nc3 Bg7 4. e4 d6 5. d4 0-0 6. Be2 c5 7. 0-0 Bg4 8. d5 e6 9. dxe6 Bxe6 10. Ng5 Nc6 11. f4 Bc8 12. Kh1 Re8 13. Bd3 Bg4 14. Qd2 h6 15. Nf3 Nd4 16. Qf2 a6 17. Bd2 b5 18. Rae1 Rb8 19. Bc1 Bd7 20. f5 g5 21. Nxg5 hxg5 22. Bxg5 b4 23. Nd5 Nxe4 24. Rxe4 Qxg5 25. f6 Rxe4 26. fxg7 Re7 27. Qf4 Qxf4 28. Nxe7+ Kxg7 29. Rxf4 Re8 30. Nd5 Bf5 31. Bf1 Re1 32. Kg1 Bd3 33. b3 Ne2+ 34. Kf2 Rxf1+ 1-0

[Event "Nordkalottens Rapid"]
[Site "Gilleleje"]
[Date "2022.11.06"]
[Round "4"]
[White "Sylvan, Jacob"]
[Black "Vasli, Aref"]
[Result "1-0"]
[WhiteElo "2316"]
[BlackElo "2374"]
[PlyCount "91"]
[EventDate "2022.11.06"]
[EventType "tourn (rapid)"]
[EventRounds "7"]
[EventCountry "DEN"]
[EventCategory "3"]
[SourceTitle "CBM 211 Extra"]
[Source "ChessBase"]
[SourceDate "2023.01.31"]
[SourceVersion "1"]
[SourceVersionDate "2023.01.31"]
[SourceQuality "1"]

1. e4 e5 2. Nf3 Nc6 3. Bb5 a6 4. Ba4 Nf6 5. 0-0 Be7 6. Re1 b5 7. Bb3 d6 8. c3 0-0 9. h3 Bb7 10. d4 Re8 11. Nbd2 exd4 12. cxd4 Nd7 13. Nf1 Na5 14. Bc2 Bf6 15. Ng3 g6 16. a4 c5 17. d5 Nc4 18. Rb1 Nde5 19. Nh2 Nb6 20. b3 bxa4 21. bxa4 a5 22. f4 Bh4 23. Kf2 Ned7 24. Nf3 Ba6 25. Bb2 Nc4 26. Ba1 Bf6 27. e5 dxe5 28. f5 Nd6 29. Kg1 Rb8 30. Rxb8 Qxb8 31. fxg6 hxg6 32. Qd2 e4 33. Bxf6 Nxf6 34. Ng5 Qb2 35. Qxa5 Qxc2 36. Qxa6 Qd2 37. Rf1 Qxg5 38. Qxd6 Kg7 39. a5 c4 40. a6 c3 41. a7 Ra8 42. Qc6 Rxa7 43. Qxc3 Ra4 44. d6 Rc4 45. Qxc4 Qxg3 46. Qd4 1-0

[Event "Nordkalottens Rapid"]
[Site "Gilleleje"]
[Date "2022.11.06"]
[Round "3"]
[White "Vasli, Aref"]
[Black "Aagaard, Jacob"]
[Result "0-1"]
[WhiteElo "2374"]
[BlackElo "2455"]
[PlyCount "74"]
[EventDate "2022.11.06"]
[EventType "tourn (rapid)"]
[EventRounds "7"]
[EventCountry "DEN"]
[EventCategory "3"]
[SourceTitle "CBM 211 Extra"]
[Source "ChessBase"]
[SourceDate "2023.01.31"]
[SourceVersion "1"]
[SourceVersionDate "2023.01.31"]
[SourceQuality "1"]

1. e4 e5 2. Nf3 Nc6 3. Bb5 a6 4. Ba4 Nf6 5. 0-0 Be7 6. Re1 b5 7. Bb3 0-0 8. d3 d5 9. Nc3 dxe4 10. Nxe4 Nxe4 11. dxe4 Bb7 12. Bd5 Qd6 13. Bd2 Bf6 14. Bc3 Rab8 15. a3 Rfe8 16. Qe2 Nd4 17. Bxd4 exd4 18. Bxb7 Rxb7 19. e5 Qd5 20. Rad1 c5 21. c3 Be7 22. cxd4 c4 23. Qe4 Rd8 24. e6 f6 25. Nh4 Qxe4 26. Rxe4 Rd5 27. g3 g6 28. Ng2 f5 29. Ne3 Rd6 30. Re5 Bf6 31. Rc5 Rxe6 32. a4 Rd6 33. axb5 axb5 34. Nd5 Bg7 35. Kg2 Kf7 36. Kf3 Rdd7 37. h4 Bf8 0-1

[Event "DEN-chT 2223 60th"]
[Site "Denmark"]
[Date "2022.10.29"]
[Round "1.2"]
[White "Christensen, Jan"]
[Black "Vasli, Aref"]
[Result "0-1"]
[WhiteElo "2167"]
[BlackElo "2374"]
[PlyCount "66"]
[EventDate "2022.10.29"]
[EventType "team-tourn"]
[EventRounds "9"]
[EventCountry "DEN"]
[SourceTitle "EXT 2024"]
[Source "ChessBase"]
[SourceDate "2023.10.10"]
[SourceVersion "1"]
[SourceVersionDate "2023.10.10"]
[SourceQuality "1"]
[WhiteTeam "Nordre"]
[BlackTeam "Bronshoj"]
[WhiteTeamCountry "DEN"]
[BlackTeamCountry "DEN"]

1. d4 Nf6 2. Nf3 e6 3. g3 c5 4. Bg2 Nc6 5. 0-0 d5 6. c4 dxc4 7. Ne5 Bd7 8. Nxc4 cxd4 9. Qb3 Be7 10. Bf4 Bc8 11. Rd1 Nd5 12. Nbd2 g5 13. e4 Nb6 14. Be5 f6 15. Bxf6 Bxf6 16. e5 Nxe5 17. Nxe5 Bxe5 18. Qb5+ Nd7 19. Nf3 Bf6 20. Nxd4 Bxd4 21. Rxd4 Qb6 22. Qd3 0-0 23. Qd2 Qc5 24. b4 Qf5 25. Re1 Kh8 26. f4 g4 27. Rd6 Nb6 28. Re5 Qf6 29. Bf1 Bd7 30. Rxd7 Nxd7 31. Qxd7 Rad8 32. Qxb7 Rd1 33. Qxa7 Rxf1+ 0-1

[Event "DEN-chT 2122 59th"]
[Site "Denmark"]
[Date "2022.03.19"]
[Round "8.4"]
[White "Skytte, Rasmus"]
[Black "Vasli, Aref"]
[Result "0-1"]
[WhiteElo "2378"]
[BlackElo "2380"]
[PlyCount "58"]
[EventDate "2021.10.30"]
[EventType "team-tourn"]
[EventRounds "9"]
[EventCountry "DEN"]
[SourceTitle "EXT 2023"]
[Source "ChessBase"]
[SourceDate "2022.10.05"]
[SourceVersion "1"]
[SourceVersionDate "2022.10.05"]
[SourceQuality "1"]
[WhiteTeam "Aarhus/Skolerne"]
[BlackTeam "Bronshoj"]
[WhiteTeamCountry "DEN"]
[BlackTeamCountry "DEN"]

1. d4 Nf6 2. c4 e6 3. Nc3 Bb4 4. Nf3 b6 5. Bg5 Bb7 6. Nd2 h6 7. Bh4 0-0 8. e4 g5 9. Bg3 Nxe4 10. Ndxe4 Bxe4 11. h4 Bg6 12. hxg5 hxg5 13. Bd3 f5 14. Qd2 Nc6 15. 0-0-0 Qf6 16. Rh6 Kg7 17. Rdh1 Rh8 18. Rxh8 Rxh8 19. Rxh8 Kxh8 20. Bxc7 Qxd4 21. a3 Bc5 22. Nd1 Qf6 23. f4 gxf4 24. Bxf4 Kg8 25. Bc2 Nd4 26. Qe1 Nxc2 27. Kxc2 Qd4 28. Qf1 e5 29. Be3 f4+ 0-1

[Event "Copenhagen-ch Bronshoj op"]
[Site "Copenhagen"]
[Date "2022.02.12"]
[Round "3"]
[White "Thuesen, Mogens Henrik"]
[Black "Vasli, Aref"]
[Result "1/2-1/2"]
[WhiteElo "2160"]
[BlackElo "2379"]
[PlyCount "72"]
[EventDate "2022.02.11"]
[EventType "swiss"]
[EventRounds "7"]
[EventCountry "DEN"]
[SourceTitle "EXT 2024"]
[Source "ChessBase"]
[SourceDate "2023.10.10"]
[SourceVersion "1"]
[SourceVersionDate "2023.10.10"]
[SourceQuality "1"]

1. d4 Nf6 2. c4 e6 3. Nc3 c5 4. e3 d5 5. Nf3 Nc6 6. cxd5 exd5 7. Bb5 a6 8. Bxc6+ bxc6 9. 0-0 Bd6 10. dxc5 Bxc5 11. Qa4 Qb6 12. Ne5 Bb7 13. Ng4 Nd7 14. h3 Qc7 15. Rd1 0-0 16. b4 Bd6 17. e4 h5 18. Ne3 Be5 19. Qb3 d4 20. f4 Bf6 21. e5 Nxe5 22. Ne4 Nd7 23. Nxf6+ Nxf6 24. Rxd4 Rad8 25. Bb2 Rxd4 26. Bxd4 Qxf4 27. Bc5 Rd8 28. Rf1 Qe4 29. Nf5 h4 30. Ne7+ Kh8 31. Qxf7 Rd2 32. Ng6+ Kh7 33. Nf8+ Kh8 34. Ng6+ Kh7 35. Nf8+ Kh8 36. Ng6+ Kh7 1/2-1/2

[Event "Titled Tuesday intern op 21st Dec"]
[Site "Chess.com INT"]
[Date "2021.12.21"]
[Round "4"]
[White "Leiva Rodriguez, Jeammarco Giuseppe"]
[Black "Vasli, Aref"]
[Result "1-0"]
[WhiteElo "2405"]
[BlackElo "2379"]
[PlyCount "31"]
[EventDate "2021.12.21"]
[EventType "swiss (blitz)"]
[EventRounds "11"]
[EventCountry "USA"]
[SourceTitle "CBM 205 Extra"]
[Source "ChessBase"]
[SourceDate "2022.01.31"]
[SourceVersion "1"]
[SourceVersionDate "2022.01.31"]
[SourceQuality "1"]

1. e4 e5 2. Nf3 Nc6 3. Bc4 Bc5 4. 0-0 Nf6 5. d3 d6 6. c3 0-0 7. Re1 h6 8. h3 a5 9. Bb3 Ne7 10. d4 exd4 11. cxd4 Bb6 12. Nc3 Ng6 13. Qc2 c6 14. e5 dxe5 15. Qxg6 exd4 16. Bxh6 1-0

[Event "Titled Tuesday intern op 21st Dec"]
[Site "Chess.com INT"]
[Date "2021.12.21"]
[Round "5"]
[White "Vasli, Aref"]
[Black "Kaganskiy, Gleb"]
[Result "1-0"]
[WhiteElo "2379"]
[BlackElo "2251"]
[PlyCount "51"]
[EventDate "2021.12.21"]
[EventType "swiss (blitz)"]
[EventRounds "11"]
[EventCountry "USA"]
[SourceTitle "CBM 205 Extra"]
[Source "ChessBase"]
[SourceDate "2022.01.31"]
[SourceVersion "1"]
[SourceVersionDate "2022.01.31"]
[SourceQuality "1"]

1. e4 e5 2. Nf3 Nf6 3. Nxe5 d6 4. Nf3 Nxe4 5. c4 c6 6. Nc3 Nxc3 7. dxc3 Be7 8. Be3 0-0 9. Bd3 Re8 10. Qc2 h6 11. 0-0-0 Nd7 12. g4 Nf8 13. Rhg1 a5 14. h4 a4 15. g5 h5 16. g6 fxg6 17. Bxg6 Nxg6 18. Qxg6 Bf6 19. Ng5 Bxg5 20. Rxg5 Qe7 21. Rxh5 Be6 22. Bd4 Qf7 23. Qh7+ Kf8 24. Rg5 Qf4+ 25. Kb1 Bg8 26. Qxg7# 1-0

[Event "Titled Tuesday intern op 21st Sept"]
[Site "Chess.com INT"]
[Date "2021.09.21"]
[Round "1"]
[White "Vasli, Aref"]
[Black "Bogumil, Tatiana"]
[Result "1-0"]
[WhiteElo "2380"]
[BlackElo "2182"]
[PlyCount "67"]
[EventDate "2021.09.21"]
[EventType "swiss (blitz)"]
[EventRounds "9"]
[EventCountry "USA"]
[SourceTitle "EXT 2022"]
[Source "ChessBase"]
[SourceDate "2021.10.06"]
[SourceVersion "1"]
[SourceVersionDate "2021.10.06"]
[SourceQuality "1"]

1. e4 e5 2. Nf3 Nc6 3. Bb5 a6 4. Ba4 Nf6 5. d3 b5 6. Bb3 Be7 7. a4 b4 8. a5 0-0 9. 0-0 d5 10. Nbd2 h6 11. h3 Re8 12. Re1 Bf8 13. exd5 Nxd5 14. Nc4 Bd6 15. Qe2 Be6 16. Bd2 Nd4 17. Nxd4 exd4 18. Qf3 Bc5 19. Re5 c6 20. Rae1 Qc7 21. Rh5 Nf6 22. Rh4 Bd5 23. Qd1 Rxe1+ 24. Qxe1 Re8 25. Qd1 Bxc4 26. Bxc4 Qxa5 27. Qf3 Be7 28. Rxd4 Qa1+ 29. Kh2 Qxb2 30. Be3 Qxc2 31. Qxc6 Rf8 32. Qb7 Bc5 33. Qc6 b3 34. Bxb3 1-0

[Event "Titled Tuesday intern op 31st Aug"]
[Site "Chess.com INT"]
[Date "2021.08.31"]
[Round "3"]
[White "Murzin, Volodar"]
[Black "Vasli, Aref"]
[Result "1-0"]
[WhiteElo "2505"]
[BlackElo "2386"]
[PlyCount "91"]
[EventDate "2021.08.31"]
[EventType "swiss (blitz)"]
[EventRounds "11"]
[EventCountry "USA"]
[SourceTitle "EXT 2022"]
[Source "ChessBase"]
[SourceDate "2021.10.06"]
[SourceVersion "1"]
[SourceVersionDate "2021.10.06"]
[SourceQuality "1"]

1. e4 e5 2. Nf3 Nc6 3. Bb5 a6 4. Ba4 Nf6 5. 0-0 Be7 6. d3 b5 7. Bb3 d6 8. a3 0-0 9. Nc3 Bb7 10. Nd5 Qd7 11. Nxe7+ Nxe7 12. Bg5 Ng6 13. Nd2 Ng4 14. h3 h6 15. Qxg4 Qxg4 16. hxg4 hxg5 17. Nf3 Bc8 18. Nxg5 Bxg4 19. g3 c5 20. a4 Be2 21. axb5 Bxf1 22. Kxf1 Ne7 23. bxa6 g6 24. Bc4 Kg7 25. c3 Ra7 26. b4 cxb4 27. cxb4 Nc8 28. Rc1 Nb6 29. Bb5 Rc8 30. Rxc8 Nxc8 31. Bc4 Nb6 32. b5 Kf6 33. f4 Rc7 34. Ke2 exf4 35. gxf4 Rd7 36. Ke3 d5 37. exd5 Kf5 38. Ne4 f6 39. d6 g5 40. fxg5 fxg5 41. Kd4 g4 42. Kc5 Nc8 43. b6 g3 44. Nxg3+ Ke5 45. b7 Nxd6 46. b8Q 1-0

[Event "Titled Tuesday intern op 31st Aug"]
[Site "Chess.com INT"]
[Date "2021.08.31"]
[Round "2"]
[White "Vasli, Aref"]
[Black "Materia, Marco"]
[Result "1-0"]
[WhiteElo "2386"]
[BlackElo "2315"]
[PlyCount "79"]
[EventDate "2021.08.31"]
[EventType "swiss (blitz)"]
[EventRounds "11"]
[EventCountry "USA"]
[SourceTitle "EXT 2022"]
[Source "ChessBase"]
[SourceDate "2021.10.06"]
[SourceVersion "1"]
[SourceVersionDate "2021.10.06"]
[SourceQuality "1"]

1. e4 c5 2. Nf3 e6 3. d4 cxd4 4. Nxd4 Nc6 5. Nc3 Qc7 6. g3 Nf6 7. Bg2 Nxd4 8. Qxd4 Bc5 9. Bf4 d6 10. Qd2 a6 11. 0-0 0-0 12. Rad1 e5 13. Bg5 Be6 14. Bxf6 gxf6 15. Nd5 Bxd5 16. Qxd5 Rac8 17. c3 Qc6 18. Qd2 Kg7 19. Qe2 Rg8 20. Qf3 a5 21. Rd2 b5 22. Rfd1 b4 23. Bh3 bxc3 24. bxc3 Rc7 25. Bf5 Ba3 26. Kg2 Qxc3 27. Rd3 Qc2 28. Rxa3 Rb8 29. Rxd6 Rb1 30. Qg4+ Kf8 31. Rd8+ Ke7 32. Qg8 Qxf2+ 33. Kxf2 Rc2+ 34. Kf3 Rf1+ 35. Kg4 Rf4+ 36. Kh3 Rxh2+ 37. Kxh2 Rf2+ 38. Kg1 Rg2+ 39. Kxg2 h5 40. Qf8# 1-0

[Event "Titled Tuesday intern op 31st Aug"]
[Site "Chess.com INT"]
[Date "2021.08.31"]
[Round "1"]
[White "Vasli, Aref"]
[Black "Smietanska, Wiktoria"]
[Result "1-0"]
[WhiteElo "2386"]
[BlackElo "1809"]
[PlyCount "89"]
[EventDate "2021.08.31"]
[EventType "swiss (blitz)"]
[EventRounds "11"]
[EventCountry "USA"]
[SourceTitle "EXT 2022"]
[Source "ChessBase"]
[SourceDate "2021.10.06"]
[SourceVersion "1"]
[SourceVersionDate "2021.10.06"]
[SourceQuality "1"]

1. e4 c5 2. Nf3 d6 3. Bb5+ Nd7 4. Ba4 Ngf6 5. 0-0 Nxe4 6. Re1 Nef6 7. d4 cxd4 8. Nxd4 g6 9. Bf4 e5 10. Nb5 Qb6 11. Be3 Qa5 12. N1c3 Be7 13. Nxd6+ Bxd6 14. Qxd6 Qa6 15. Nb5 Qxd6 16. Nxd6+ Ke7 17. Rad1 Rd8 18. Bg5 h6 19. Nxc8+ Raxc8 20. Rxd7+ Rxd7 21. Bxd7 Rc5 22. Bxf6+ Kxf6 23. Ba4 b5 24. Bb3 a5 25. c3 a4 26. Bd1 Rd5 27. Be2 Rd2 28. Bxb5 Rxb2 29. Bxa4 Rxa2 30. Bb5 Rc2 31. c4 Ke6 32. g3 f5 33. Ra1 e4 34. Ra6+ Ke5 35. Rxg6 e3 36. fxe3 Ke4 37. Bc6+ Kxe3 38. Re6+ Kd4 39. Bd5 Rc1+ 40. Kg2 Rc2+ 41. Kh3 Rc3 42. Rxh6 f4 43. Rf6 fxg3 44. hxg3 Ke5 45. Rf1 1-0

[Event "Titled Tuesday intern op 31st Aug"]
[Site "Chess.com INT"]
[Date "2021.08.31"]
[Round "6"]
[White "Weetik, Vjacheslav"]
[Black "Vasli, Aref"]
[Result "0-1"]
[WhiteElo "2423"]
[BlackElo "2386"]
[PlyCount "88"]
[EventDate "2021.08.31"]
[EventType "swiss (blitz)"]
[EventRounds "11"]
[EventCountry "USA"]
[SourceTitle "EXT 2022"]
[Source "ChessBase"]
[SourceDate "2021.10.06"]
[SourceVersion "1"]
[SourceVersionDate "2021.10.06"]
[SourceQuality "1"]

1. d4 Nf6 2. Bf4 g6 3. Nf3 Bg7 4. Nc3 0-0 5. e4 d6 6. h3 c5 7. dxc5 Qa5 8. Bd3 Qxc5 9. 0-0 Nc6 10. Qd2 Re8 11. Rfe1 Ne5 12. Nxe5 dxe5 13. Be3 Qc7 14. Nb5 Qb8 15. a4 a6 16. Na3 Be6 17. a5 Nh5 18. Bc4 Qc8 19. Qb4 Nf4 20. Qb3 Qc6 21. Bxf4 Bxc4 22. Nxc4 exf4 23. e5 Rac8 24. Ra4 Red8 25. c3 Qe6 26. Rb4 f3 27. Nb6 Qxb3 28. Rxb3 Rc5 29. e6 Rxa5 30. gxf3 Rc5 31. Kf1 Rc6 32. exf7+ Kxf7 33. Re4 Bf6 34. Ke2 Rdd6 35. Reb4 Re6+ 36. Kf1 h5 37. Nd5 b5 38. Ne3 Bg5 39. Re4 Rxe4 40. fxe4 Bxe3 41. fxe3 Ke6 42. Ke2 Ke5 43. Rb4 Rc4 44. Rb3 Kxe4 0-1

[Event "Titled Tuesday intern op 17th Aug"]
[Site "Chess.com INT"]
[Date "2021.08.17"]
[Round "3"]
[White "Vasli, Aref"]
[Black "Timmermans, Mark"]
[Result "0-1"]
[WhiteElo "2386"]
[BlackElo "2385"]
[PlyCount "120"]
[EventDate "2021.08.17"]
[EventType "swiss (blitz)"]
[EventRounds "11"]
[EventCountry "USA"]
[SourceTitle "EXT 2022"]
[Source "ChessBase"]
[SourceDate "2021.10.06"]
[SourceVersion "1"]
[SourceVersionDate "2021.10.06"]
[SourceQuality "1"]

1. e4 e5 2. Nf3 Nc6 3. Bb5 f5 4. d3 fxe4 5. dxe4 Nf6 6. 0-0 d6 7. Qd3 Be7 8. a3 0-0 9. Bc4+ Kh8 10. Ng5 Qe8 11. Ne6 Bxe6 12. Bxe6 Qg6 13. Bf5 Qf7 14. Be3 Nh5 15. g3 Bf6 16. Nc3 g6 17. Bg4 Ng7 18. Nd5 h5 19. Bh3 Kh7 20. f4 Ne8 21. c3 Qg7 22. Rf2 Ne7 23. Raf1 Rd8 24. fxe5 dxe5 25. Rxf6 Nxf6 26. Nxf6+ Kh8 27. Nd7 Rxf1+ 28. Qxf1 Ng8 29. Qb5 a6 30. Qxb7 Rxd7 31. Bxd7 Qxd7 32. Qxa6 Qd1+ 33. Qf1 Qc2 34. Bg5 Qxb2 35. Bf6+ Kh7 36. Bxe5 Nh6 37. Bd4 c5 38. Be5 Qc2 39. h3 Qxe4 40. Bf4 Nf7 41. Qg2 Qb1+ 42. Kh2 Qb3 43. Qe2 Qxa3 44. c4 Qb3 45. h4 Kg7 46. Be5+ Kh7 47. Ba1 Qa3 48. Qf1 Qa2+ 49. Kh3 Kg8 50. Qf6 Kf8 51. Qg7+ Ke8 52. Qg8+ Ke7 53. Bg7 Qxc4 54. Qf8+ Kd7 55. Bf6 Qe6+ 56. Kh2 Qxf6 57. Qxc5 Ne5 58. Qd5+ Qd6 59. Qe4 Ng4+ 60. Kg2 Qd2+ 0-1

[Event "Copenhagen CC GM"]
[Site "Ballerup"]
[Date "2021.08.08"]
[Round "9"]
[White "Haubro, Martin"]
[Black "Vasli, Aref"]
[Result "1-0"]
[WhiteElo "2410"]
[BlackElo "2386"]
[PlyCount "93"]
[EventDate "2021.08.04"]
[EventType "tourn"]
[EventRounds "9"]
[EventCountry "DEN"]
[EventCategory "7"]
[SourceTitle "CBM 203 Extra"]
[Source "ChessBase"]
[SourceDate "2021.09.30"]
[SourceVersion "1"]
[SourceVersionDate "2021.09.30"]
[SourceQuality "1"]

1. e4 c5 2. Nf3 d6 3. d4 cxd4 4. Nxd4 Nf6 5. Nc3 g6 6. Be3 Bg7 7. f3 0-0 8. Qd2 Nc6 9. 0-0-0 Bd7 10. Kb1 Rc8 11. h4 h5 12. Bh6 Nxd4 13. Bxg7 Kxg7 14. Qxd4 Qa5 15. Nd5 Qc5 16. Qxc5 Rxc5 17. Nxe7 Re8 18. b4 Rxc2 19. Kxc2 Ba4+ 20. Kd2 Bxd1 21. Nxg6 Bxf3 22. gxf3 fxg6 23. Bd3 d5 24. e5 Rxe5 25. Rg1 d4 26. Bxg6 Kf8 27. Rc1 Kg7 28. Bd3 Kf7 29. Rc7+ Re7 30. Bc4+ Ke8 31. Rxe7+ Kxe7 32. Kd3 Kd6 33. Kxd4 b6 34. b5 Ne8 35. Bf7 Ng7 36. Ke4 Ke7 37. Bc4 Kf6 38. Kd5 Nf5 39. Kc6 Nxh4 40. Kb7 Nf5 41. Kxa7 Ne3 42. Bd3 Ke5 43. Kxb6 h4 44. Kc5 h3 45. b6 h2 46. b7 h1Q 47. b8Q+ 1-0